000 00601nam a2200181Ia 4500
008 100920s9999 xx 000 0 und d
082 _b36993
_a200 थ 76
100 _aदेशपांडे कृ.पं.
245 _aमास महिमा चैत्र.
260 _bनूतन प्रकाशन, पुणे.
_c1976
300 _a45
_bसाधी
365 _b2.5
520 _aधार्मिक.
630 _aमास महिमा चैत्र.
650 _aधार्मिक.
730 _aमास महिमा चैत्र.
942 _cBOOK
999 _c689760
_d689757